| 000 | 00662nam a2200169Ia 4500 | ||
|---|---|---|---|
| 999 |
_c2724 _d2724 |
||
| 003 | DO-SdBJH | ||
| 005 | 20180416230544.0 | ||
| 008 | 180414s9999 dr 000 0 spa d | ||
| 040 |
_aDO-SdBJH _bspa _cDO-SdBJH |
||
| 090 | _aDM FM 7-20 1963 | ||
| 110 | _aInstituto de Cooperación para la Seguridad Hemisférica | ||
| 245 | 1 | 0 | _a FM 7-20 Batallones de infantería aerotransportada e infantería mecanizada / Instituto de Cooperación para la Seguridad Hemisférica |
| 260 | _aFuerte Benning, Georgia : Cuartel General Secretaría del Ejército, 1963 | ||
| 300 | _a468 páginas en varias paginaciones | ||
| 650 | 4 | _aBatallones -- Infantería | |
| 942 |
_2ddc _cBK |
||